000 01154nmc a2200349 a 4500
003 AR-BaBNM
005 20251128204951.0
008 086019s1994 ||||||||||||||000 | spa||
040 _cAR-BaBNM
100 1 _aBraslavsky, Cecilia
245 1 0 _aLa discriminación educativa en Argentina
260 _aBuenos Aires
_bMiño y Dávila
_c1994
300 0 _a173 p.
_btablas
490 0 _aFlacso
500 0 _aFLACSO: Facultad Latinoamericana de Ciencias Sociales
500 0 _aGuía de cuadros: p. 165-167
500 0 _aAnexo: Documento de la Secretaría de Educación del Ministerio de Educación y Justicia de la Républica Argentina. Ingreso en primer año de la enseñanza media. 1984
504 _aBibliografía: p. 161-164
650 4 _aESCUELAS PUBLICAS
650 4 _aDIFERENCIACION SOCIAL
650 4 _aDIFERENCIACION CULTURAL
650 4 _aRELACION FAMILIA-ESCUELA
650 4 _aDISCRIMINACION
650 4 _aEXAMENES DE INGRESO
650 4 _aACCESO A LA EDUCACION
651 4 _aArgentina
653 0 _aSISTEMA EDUCATIVO
653 0 _aEDUCACION PRIMARIA
653 0 _aEDUCACION SECUNDARIA
942 _cBK
998 _csilvi
999 _c9519
_d9519